The Lion and the Jewel (Record no. 4660)

MARC details
000 -LEADER
fixed length control field 00465nam a22001577a 4500
008 - FIXED-LENGTH DATA ELEMENTS--GENERAL INFORMATION
fixed length control field 260421b |||||||| |||| 00| 0 eng d
020 ## - INTERNATIONAL STANDARD BOOK NUMBER
ISBN 9789783535916
100 ## - MAIN ENTRY--AUTHOR
Author SOYINKA, WOLE
245 ## - TITLE STATEMENT
Title The Lion and the Jewel
260 ## - PUBLICATION, DISTRIBUTION, ETC. (IMPRINT)
Place of publication IBADAN
Name of publisher Mosuro Publishers
Date of publication 2001
300 ## - COLLATION
Pagination 118 pages
650 ## - TRACINGS
Main Subject Nigerian Drama (English language)
Subdivision (1st) African drama (English)—Nigeria
Subdivision (2nd) Yoruba culture—Drama
942 ## - ADDED ENTRY ELEMENTS (KOHA)
Item type Books
050 ## - LIBRARY OF CONGRESS CALL NUMBER
Classification number PR9387
Item number .S68
Holdings
Source of classification or shelving scheme Not for loan Permanent location Current location Date acquired Accession No. Full call number Barcode. Copy number Koha item type
Dewey Decimal Classification   Samuel Ogbemudia Main Library, University of Abuja Samuel Ogbemudia Main Library, University of Abuja 04/21/2026 2026/71943-47 PR9387 .S6 2026-0149 5 Books